Bienvenue à la E-Bibliothèque de l’UEH

Bénéficiez l'accès à des milliers de ressources en ligne

La poésie amoureuse de Quevedo / (notice nᵒ 7487)

détails MARC
000 -LEADER
fixed length control field 01574 a2200301 4500
001 - CONTROL NUMBER
control field OB-enseditions-2231
003 - CONTROL NUMBER IDENTIFIER
control field FrMaCLE
005 - DATE AND TIME OF LATEST TRANSACTION
control field 20251214082657.0
007 - PHYSICAL DESCRIPTION FIXED FIELD--GENERAL INFORMATION
fixed length control field cu ||||||m||||
008 - FIXED-LENGTH DATA ELEMENTS--GENERAL INFORMATION
fixed length control field 140302e||||||||xx |||||s|||||||||0|fr|d
020 ## - INTERNATIONAL STANDARD BOOK NUMBER
International Standard Book Number 978-2-84788-441-8
024 7# - OTHER STANDARD IDENTIFIER
Standard number or code 10.4000/books.enseditions.2231
Source of number or code doi
040 ## - CATALOGING SOURCE
Original cataloging agency FR-FrMaCLE
041 ## - LANGUAGE CODE
Language code of text/sound track or separate title fra
100 1# - MAIN ENTRY--PERSONAL NAME
Personal name Ortega, Marie-Linda
245 13 - TITLE STATEMENT
Title La poésie amoureuse de Quevedo /
Statement of responsibility, etc. Marie-Linda Ortega.
260 ## - PUBLICATION, DISTRIBUTION, ETC.
Place of publication, distribution, etc. Lyon :
Name of publisher, distributor, etc. ENS Éditions,
Date of publication, distribution, etc. 2014.
300 ## - PHYSICAL DESCRIPTION
Extent 170 p.
500 ## - GENERAL NOTE
General note Ebook
520 ## - SUMMARY, ETC.
Summary, etc. Les études ici réunies s'attachent à montrer comment la poésie amoureuse de Quevedo, tout en puisant dans la tradition pétrarquiste, s'en démarque aussi par un travail formel sur le sonnet, l'émergence du ton propre à la satire, la réactivation de certains mythes ou figures symboliques et enfin par l'inscription de la tension amoureuse au coeur de l'écriture. The studies in this collection aim to show how Quevedo’s love poetry, whilst drawing from Petrarchist tradition, also features formal study of the sonnet, the emergence of a specific satirical tone, the revival of certain myths or symbolic figures and finally includes amorous tension at the heart of the writing.
540 ## - TERMS GOVERNING USE AND REPRODUCTION NOTE
Terms governing use and reproduction OpenEdition Books License
Uniform Resource Identifier <a href="https://www.openedition.org/12554">https://www.openedition.org/12554</a>
650 #4 - SUBJECT ADDED ENTRY--TOPICAL TERM
Topical term or geographic name entry element Poetry
Topical term or geographic name entry element poésie
Topical term or geographic name entry element Quevedo
760 0# - MAIN SERIES ENTRY
International Standard Serial Number 2490-5305
776 ## - ADDITIONAL PHYSICAL FORM ENTRY
International Standard Book Number 978-2-902126-33-0
856 4# - ELECTRONIC LOCATION AND ACCESS
Data provenance Ortega, Marie-Linda
Uniform Resource Identifier <a href="https://books.openedition.org/enseditions/2231">https://books.openedition.org/enseditions/2231</a>
Link text La poésie amoureuse de Quevedo

Pas d'exemplaire disponible.

Bibliothèque universitaire de l'UEH
Portail centralisé donnant accès au catalogue, aux ressources numériques et aux productions scientifiques de l’Université d’État d’Haïti.

Plateformes institutionnelles

  • Dépôt institutionnel UEH
  • Revues scientifiques UEH
  • GED institutionnelle
  • UEH enseignement à distance

Contact

  • Adresse : 21 Rue Rivière, Port-au-Prince
  • Email : bibliotheque@ueh.edu.ht
  • Téléphone : +509 22-45-68-43 / 22-45-68-44
  • Heures : Lundi–Vendredi 8h–16h
© 2026 UEH – E-Bibliothèque de l’Université d’État d’Haïti | À propos | Confidentialité | Conditions | Mentions légales | Accessibilité | Plan du site | Contact